महाराष्ट्राचे मुख्यमंत्री-सुााकरराव नाईक. (Record no. 551581)
[ view plain ]
| 000 -LEADER | |
|---|---|
| fixed length control field | 00637nam a2200133Ia 4500 |
| 008 - FIXED-LENGTH DATA ELEMENTS--GENERAL INFORMATION | |
| fixed length control field | 100328s9999 xx 000 0 und d |
| 082 ## - DEWEY DECIMAL CLASSIFICATION NUMBER | |
| Item number | 65836 |
| 100 ## - MAIN ENTRY--PERSONAL NAME | |
| Personal name | गाडे सोपान. |
| 245 ## - TITLE STATEMENT | |
| Title | महाराष्ट्राचे मुख्यमंत्री-सुााकरराव नाईक. |
| 260 ## - PUBLICATION, DISTRIBUTION, ETC. (IMPRINT) | |
| Name of publisher, distributor, etc | अविष्कार. |
| 630 ## - SUBJECT ADDED ENTRY--UNIFORM TITLE | |
| Uniform title | महाराष्ट्राचे मुख्यमंत्री-सुााकरराव नाईक. |
| 730 ## - ADDED ENTRY--UNIFORM TITLE | |
| Uniform title | महाराष्ट्राचे मुख्यमंत्री-सुााकरराव नाईक. |
| 942 ## - ADDED ENTRY ELEMENTS (KOHA) | |
| Koha item type | Book |
| Withdrawn status | Lost status | Damaged status | Not for loan | Home library | Current library | Date acquired | Total Checkouts | Barcode | Date last seen | Price effective from | Koha item type |
|---|---|---|---|---|---|---|---|---|---|---|---|
| Rantagiri (Dist.) Nagar Vachanalaya | Rantagiri (Dist.) Nagar Vachanalaya | 03/28/2010 | RNV-65836 | 03/28/2010 | 03/28/2010 | Book |